000 00619nmm a2200193Ia 4500
008 251105s9999||||xx |||||||||||||||||und||
020 _a9788427715929
041 _aspa
100 _aRodríguez Bartolomé, Marta
245 0 _aTalín, tolón, se abre el telón... Maestros "teatreros" en la Escuela Infantil
264 _a[Madrid, España] :
_bNarcea Ediciones,
_c2008
300 _a109 páginas
490 _aPrimeros años
650 _aEducation
700 _aRodríguez Bartolomé, Marta
700 1 _a Rosa García, Marina de la
856 _uhttps://public.digitaliapublishing.com/a/29112
942 _cCF
999 _c70629
_d70629